Nuzhat al-mushtāq fī tārīkh Yahūd al-ʻIrāq / (Record no. 50791)

MARC details
000 -LEADER
fixed length control field 00770cam a22002411 4500
001 - CONTROL NUMBER
control field ne 68003538
003 - CONTROL NUMBER IDENTIFIER
control field DLC
005 - DATE AND TIME OF LATEST TRANSACTION
control field 20260227111847.0
008 - FIXED-LENGTH DATA ELEMENTS--GENERAL INFORMATION
fixed length control field 890402s1924 xx f 000 0 ara
010 ## - LIBRARY OF CONGRESS CONTROL NUMBER
LC control number ne 68003538
035 ## - SYSTEM CONTROL NUMBER
System control number (OCoLC)23519087
040 ## - CATALOGING SOURCE
Original cataloging agency DLC
Transcribing agency MiU
Modifying agency NNYU
-- DLC
042 ## - AUTHENTICATION CODE
Authentication code premarc
050 00 - LIBRARY OF CONGRESS CALL NUMBER
Classification number DS135.I7
Item number G45
100 1# - MAIN ENTRY--PERSONAL NAME
Personal name Ghanīmah, Yūsuf Rizq Allāh,
Dates associated with a name 1885-1950.
245 10 - TITLE STATEMENT
Title Nuzhat al-mushtāq fī tārīkh Yahūd al-ʻIrāq /
Statement of responsibility, etc. taʼlīf Yūsūf Rizq Allāh Ghanīmah.
250 ## - EDITION STATEMENT
Edition statement al-Ṭabʻah al-ʼŪlā.
260 ## - PUBLICATION, DISTRIBUTION, ETC.
Place of publication, distribution, etc. Baghdād :
Name of publisher, distributor, etc. Maktab al-ʻArabiyyah,
Date of publication, distribution, etc. 1924.
300 ## - PHYSICAL DESCRIPTION
Extent 6, 224 p. :
Other physical details ill. ;
Dimensions 21 cm.
504 ## - BIBLIOGRAPHY, ETC. NOTE
Bibliography, etc. note Includes bibliographical references.
650 #0 - SUBJECT ADDED ENTRY--TOPICAL TERM
Topical term or geographic name entry element Jews
Geographic subdivision Iraq
General subdivision History.
651 #0 - SUBJECT ADDED ENTRY--GEOGRAPHIC NAME
Geographic name Iraq
General subdivision Ethnic relations.

No items available.

Powered by Koha